| 000 | 01182cam a2200313 a 4500 | ||
|---|---|---|---|
| 999 |
_c57545 _d57545 |
||
| 001 | 2599943 | ||
| 005 | 20200727142609.0 | ||
| 008 | 971022s2015 nyua 000 0 eng | ||
| 010 | _a 97043261 | ||
| 020 | _a9780134049779 | ||
| 040 |
_aDLC _cDLC _dDLC |
||
| 041 | _aeng | ||
| 050 | 0 | 0 |
_aPE1128 _b.E58 1998 |
| 080 | _a811.111.1 E-56 | ||
| 082 | 0 | 0 |
_a428.2/4 _221 |
| 100 | 1 |
_aEnglish, Andrew K., _d1953- _99055 |
|
| 245 | 1 | 0 |
_aNorthStar 4 : _pReading and writing / _cAndrew K. English, Laura Monahon English. |
| 250 | _afourth edition | ||
| 260 |
_a NY : _bPearson, _c2015 |
||
| 300 |
_axiv, 266 p. : _bill. ; _c26 cm. |
||
| 650 | 0 |
_aEnglish language _xTextbooks for foreign speakers. _99056 |
|
| 650 | 0 |
_aReading comprehension _xProblems, exercises, etc. _99057 |
|
| 650 | 0 |
_aReport writing _xProblems, exercises, etc. _99058 |
|
| 653 | _aინგლისური ენა | ||
| 700 | 1 |
_aEnglish, Laura M. _q(Laura Monahon), _d1961- _eავტორი _99059 |
|
| 906 |
_a7 _bcbc _corignew _d1 _eocip _f19 _gy-gencatlg |
||
| 942 |
_2udc _cBK |
||
| 955 | _apc14 to la00 10-22-97; lh04 to subj. 10-23-97; lh06 10-23-97; lh37 10-24-97;aa05 10-27-97; CIP ver. lh08 to SL 06-16-98 | ||